[Event "Iberoamerican-ch 10th"]
[Site "Linares"]
[Date "2024.09.30"]
[Round "8"]
[White "Noboa Silva, Kevin Omar"]
[Black "Li Chen, Helena Joana"]
[Result "1-0"]
[WhiteElo "2270"]
[BlackElo "2068"]
[PlyCount "57"]
[EventDate "2024.09.25"]
[EventType "swiss"]
[EventRounds "9"]
[EventCountry "ESP"]
[SourceTitle "EXT 2025"]
[Source "ChessBase"]
[SourceDate "2024.10.14"]
[SourceVersion "1"]
[SourceVersionDate "2024.10.14"]
[SourceQuality "1"]

1. d4 f5 2. Nf3 Nf6 3. e3 e6 4. c4 b6 5. Be2 Bb7 6. 0-0 Be7 7. Nc3 Ne4 8. Nd2 Nxc3 9. bxc3 c5 10. d5 e5 11. f4 e4 12. g4 g6 13. Kh1 Bf6 14. gxf5 Bxc3 15. Rb1 gxf5 16. Rg1 Na6 17. Rb3 Bf6 18. Bf1 Ke7 19. Qh5 Qf8 20. Qxf5 Qh6 21. Bh3 Bc8 22. d6+ Kf8 23. Bb2 Rg8 24. Rxg8+ Kxg8 25. Bxf6 Qg6 26. Qd5+ Kf8 27. Be7+ Kg7 28. Rb1 Kh6 29. Bf8+ 1-0

[Event "Iberoamerican-ch 10th"]
[Site "Linares"]
[Date "2024.09.29"]
[Round "7"]
[White "Rodriguez Lopez, Rafael"]
[Black "Li Chen, Helena Joana"]
[Result "0-1"]
[WhiteElo "2162"]
[BlackElo "2068"]
[PlyCount "108"]
[EventDate "2024.09.25"]
[EventType "swiss"]
[EventRounds "9"]
[EventCountry "ESP"]
[SourceTitle "EXT 2025"]
[Source "ChessBase"]
[SourceDate "2024.10.14"]
[SourceVersion "1"]
[SourceVersionDate "2024.10.14"]
[SourceQuality "1"]

1. Nf3 f5 2. g3 Nf6 3. Bg2 g6 4. b4 d6 5. d4 Bg7 6. Bb2 0-0 7. Nbd2 Ne4 8. c4 c6 9. 0-0 Qe8 10. Ne1 Nxd2 11. Qxd2 e5 12. Nc2 e4 13. f4 d5 14. Ne3 Be6 15. Rfc1 Qf7 16. cxd5 cxd5 17. b5 a6 18. a4 Qd7 19. b6 Nc6 20. a5 Rac8 21. Nd1 Ne7 22. e3 Rxc1 23. Rxc1 Rc8 24. Rxc8+ Nxc8 25. Ba3 Nd6 26. Nb2 Nc4 27. Nxc4 dxc4 28. Qb4 Qc8 29. Kf2 Bf8 30. Qxf8+ Qxf8 31. Bxf8 Kxf8 32. Ke1 Ke7 33. Kd2 Kd6 34. Kc3 Kc6 35. Bf1 Kb5 36. Be2 Kxa5 37. Bxc4 Bxc4 38. Kxc4 Kxb6 39. Kd5 Kc7 40. Ke6 Kd8 41. Kd6 b5 42. Kc5 Kd7 43. Kb4 Kd6 44. Ka5 Kc6 45. Kb4 Kd5 46. Kc3 a5 47. Kb3 b4 48. Kb2 Kc4 49. Kc2 a4 50. Kb2 a3+ 51. Kc2 b3+ 52. Kb1 Kc3 53. d5 a2+ 54. Ka1 Kc2 0-1

[Event "EU-ch U16 Girls"]
[Site "Prague"]
[Date "2024.08.30"]
[Round "8"]
[White "Li Chen, Helena Joana"]
[Black "Ingel, Mica Bar"]
[Result "0-1"]
[WhiteElo "2057"]
[BlackElo "1911"]
[PlyCount "72"]
[EventDate "2024.08.22"]
[EventType "swiss"]
[EventRounds "9"]
[EventCountry "CZE"]
[SourceTitle "CBM 221 Extra"]
[Source "ChessBase"]
[SourceDate "2024.09.30"]
[SourceVersion "1"]
[SourceVersionDate "2024.09.30"]
[SourceQuality "1"]

1. e4 e5 2. Nf3 Nc6 3. Bc4 Nf6 4. d3 Bc5 5. c3 d6 6. 0-0 0-0 7. Re1 Be6 8. Bb5 a6 9. Ba4 b5 10. Bc2 d5 11. exd5 Qxd5 12. Be3 Bxe3 13. Rxe3 Rfe8 14. h3 Rad8 15. Nbd2 Bf5 16. Ng5 Qd7 17. Bb3 Bg6 18. Rf3 Bh5 19. g4 Bg6 20. Nge4 Nd5 21. Bxd5 Qxd5 22. Qb3 Qd7 23. a4 h5 24. gxh5 Bxh5 25. Rg3 Kh8 26. Kh2 Ne7 27. Rg5 Bg6 28. Nc5 Qc6 29. Rxe5 Qf6 30. Rae1 Qxf2+ 31. Kh1 Qxd2 32. Rxe7 Rxe7 33. Rxe7 Qg5 34. Rxc7 Re8 35. Ne4 Rxe4 36. Qd1 Qg3 0-1

[Event "EU-ch U16 Girls"]
[Site "Prague"]
[Date "2024.08.29"]
[Round "7"]
[White "Sikorova, Jana"]
[Black "Li Chen, Helena Joana"]
[Result "1/2-1/2"]
[WhiteElo "1790"]
[BlackElo "2057"]
[PlyCount "119"]
[EventDate "2024.08.22"]
[EventType "swiss"]
[EventRounds "9"]
[EventCountry "CZE"]
[SourceTitle "CBM 221 Extra"]
[Source "ChessBase"]
[SourceDate "2024.09.30"]
[SourceVersion "1"]
[SourceVersionDate "2024.09.30"]
[SourceQuality "1"]

1. d4 f5 2. Bg5 g6 3. e3 Bg7 4. Nc3 d5 5. Nge2 Be6 6. Nf4 Bf7 7. Nd3 Nd7 8. Be2 Ngf6 9. Bf4 c6 10. Ne5 Nb6 11. 0-0 0-0 12. Qd2 Nfd7 13. Nxf7 Rxf7 14. Bg5 h6 15. Bh4 g5 16. Bg3 e5 17. dxe5 Nxe5 18. b3 d4 19. Bxe5 Bxe5 20. Rad1 Rd7 21. exd4 Bxd4 22. Bd3 Qf6 23. Ne2 Rad8 24. Nxd4 Rxd4 25. Qe2 Kg7 26. Rde1 Nd5 27. Qe5 f4 28. Bc4 Rd2 29. Qe4 Nc3 30. Qe7+ Qxe7 31. Rxe7+ Kf6 32. Rxb7 Rxc2 33. Rxa7 Rdd2 34. Ra6 Rd6 35. a4 Ne4 36. h3 Nd2 37. Re1 Nxc4 38. bxc4 Rxc4 39. Rb6 Rd5 40. Ra6 Rd2 41. a5 Ra2 42. Ra8 Kf7 43. a6 Rca4 44. Rc1 Rxa6 45. Rc8 h5 46. R8xc6 Rxc6 47. Rxc6 Ra1+ 48. Kh2 Rf1 49. f3 Kg7 50. Ra6 Re1 51. Rb6 Kf7 52. Rh6 h4 53. Ra6 Re6 54. Ra5 Kf6 55. Kg1 Re5 56. Ra6+ Kf5 57. Kf2 Rb5 58. Ra4 Rb2+ 59. Kf1 Rd2 60. Ra5+ 1/2-1/2

[Event "EU-ch U16 Girls"]
[Site "Prague"]
[Date "2024.08.26"]
[Round "5"]
[White "Abdinova, Narmin"]
[Black "Li Chen, Helena Joana"]
[Result "1/2-1/2"]
[WhiteElo "2244"]
[BlackElo "2057"]
[PlyCount "149"]
[EventDate "2024.08.22"]
[EventType "swiss"]
[EventRounds "9"]
[EventCountry "CZE"]
[SourceTitle "CBM 221 Extra"]
[Source "ChessBase"]
[SourceDate "2024.09.30"]
[SourceVersion "1"]
[SourceVersionDate "2024.09.30"]
[SourceQuality "1"]

1. e4 c5 2. Nf3 e6 3. b3 b6 4. Bb2 Bb7 5. Qe2 Nf6 6. Nc3 Be7 7. e5 Nd5 8. Nxd5 Bxd5 9. g3 Qc7 10. Bg2 Qb7 11. c4 Bc6 12. 0-0 0-0 13. Rfd1 d5 14. exd6 Bxd6 15. Nh4 Bxg2 16. Nxg2 Nc6 17. d4 cxd4 18. Bxd4 Nxd4 19. Rxd4 Bc5 20. Rd3 Rfd8 21. Rad1 Be7 22. Nf4 Qc6 23. Nd5 Qb7 24. Nc3 h6 25. Qe4 Qxe4 26. Nxe4 Rxd3 27. Rxd3 Rd8 28. Rxd8+ Bxd8 29. Nd6 a5 30. f4 Kf8 31. a3 Be7 32. Nb5 Bc5+ 33. Kg2 Ke7 34. Kf3 h5 35. h3 g6 36. a4 f5 37. Nc3 Bd4 38. Nb5 Bf6 39. Ke3 Kd7 40. Nd4 e5 41. fxe5 Bxe5 42. Ne2 g5 43. h4 Bxg3 44. hxg5 Be5 45. Kf3 Ke6 46. Nc1 h4 47. Nd3 Bd6 48. Kg2 f4 49. Kh3 Kf5 50. Kxh4 Be7 51. Kh3 Kxg5 52. Kg2 Kf5 53. Kf3 Bd6 54. Nf2 Ke5 55. Ne4 Bb4 56. Ng5 Bd2 57. Ke2 Be3 58. Kd3 Kf5 59. Nf3 Kg4 60. Ke4 Kg3 61. Ne5 Kf2 62. Nd3+ Ke2 63. Nxf4+ Bxf4 64. Kxf4 Kd3 65. Ke5 Kc3 66. Kd5 Kxb3 67. c5 bxc5 68. Kxc5 Kxa4 69. Kc4 Ka3 70. Kc3 Ka2 71. Kc2 a4 72. Kc1 a3 73. Kc2 Ka1 74. Kc1 a2 75. Kc2 1/2-1/2

[Event "La Palma Island op"]
[Site "Santa Cruz de La Palma"]
[Date "2024.08.06"]
[Round "6"]
[White "Li Chen, Helena Joana"]
[Black "Del Rey, Diego"]
[Result "0-1"]
[WhiteElo "2057"]
[BlackElo "2285"]
[PlyCount "90"]
[EventDate "2024.08.02"]
[EventType "swiss"]
[EventRounds "10"]
[EventCountry "ESP"]
[SourceTitle "CBM 221 Extra"]
[Source "ChessBase"]
[SourceDate "2024.09.30"]
[SourceVersion "1"]
[SourceVersionDate "2024.09.30"]
[SourceQuality "1"]

1. e4 c5 2. Nf3 Nc6 3. d4 cxd4 4. Nxd4 e5 5. Nb5 d6 6. N1c3 a6 7. Na3 Be7 8. Nc4 b5 9. Ne3 Nf6 10. Bd3 0-0 11. Ncd5 Nxd5 12. Nxd5 Bg5 13. 0-0 Bxc1 14. Qxc1 Be6 15. a4 b4 16. Bc4 Qa5 17. Qd2 Qc5 18. Qd3 a5 19. c3 Rab8 20. Bb5 Bxd5 21. exd5 Ne7 22. Rfd1 bxc3 23. Rac1 Rfc8 24. h3 g6 25. bxc3 Rc7 26. Qd2 Qa7 27. h4 h5 28. Qg5 Rc5 29. g4 hxg4 30. h5 g3 31. Qxg3 Kg7 32. Qf3 Rh8 33. hxg6 fxg6 34. Rb1 Rf8 35. Qg2 Rxc3 36. Bc6 Rb8 37. Qe4 Nf5 38. Rb5 Kf6 39. Rdb1 Rh8 40. Rb7 Qc5 41. Bb5 Rh4 42. Qg2 Rg3 43. Qxg3 Nxg3 44. Rb3 Qc1+ 45. Kg2 Qh1+ 0-1